01425nam a2200277 a 450000100100000000500170001000800410002704000250006808200230009310000320011624500730014826000340022130000270025549000160028250400290029859000270032760000520035461001000040665000420050683000230054891000370057195202010060895201300080995201910093999900170113000002736720200930030801.0110331s1985 dr a 000 0 spa d aDO-SdBNPbspacBNPHU a923.9bC719B, 19851 aBenton, Frederick L.95444113aLa última sepultura de Cristóbal Colón /cFrederick L. Benton. aSanto Domingo :bONAP,c1985. a97 p. :bil. ;c21 cm.1 aCatedralv1 aBibliografía: p.93-94. aInventariado, 2019/MFF14aCOLÓN, CRISTÓBAL,d1451?-1506xTUMBA92458424aBASÍLICA CATEDRAL METROPOLITANA SANTA MARÍA DE LA ENCARNACIÓN PRIMADA DE AMÉRICA954442 4aRepública dominicanaxHistoria9416 0aCatedralv1954443 aValidado. Control de calidad EMS 001054708DSaGRbGRcHDd2019-08-01iLF1l0o923.9 C719B, 1985p27367-30r2020-06-25te.3w2020-06-25yLFDSzPerteneció a la biblioteca personal de la familia Reyes Duluc.ZPréstamo en sala 001054708PDaPDbPDcHDd2011-03-31iLF1l0o923.9 C719B, 1985p27367-10r2020-06-25w2020-06-25yLFPDZPréstamo en sala 0010718PDaPDbPDcHDd2011-04-18iLF1l0o923.9 C719B, 1985p27367-20r2020-06-25te.2w2020-06-25yLFPDzPerteneció a la biblioteca pesonal de la familia Reyes Duluc.ZNo se presta c26859d26859